Angèle - What You Want (feat. Justice) - Statistiques

Statistiques générales
  • Ce quiz a été pris 21 fois
    15 depuis la dernière actualisation
  • Le résultat moyen est 138 sur 170
Statistiques - réponses
Hint Réponse % Correct
à
100%
Ah
100%
ah
100%
oh,
100%
Post-refrain Oh
100%
Ooh
100%
want,
100%
Refrain What
100%
you
100%
baby
92%
De
92%
en
92%
j'
92%
J'
92%
la
92%
me,
92%
me
92%
mes
92%
on
92%
pieds
92%
t'
92%
c'
83%
changer
83%
dans
83%
est
83%
les
83%
ma
83%
pour
83%
que
83%
rôles
83%
te
83%
temps
83%
temps,
83%
to
83%
Tu
83%
tu
83%
vie
83%
vie,
83%
ça
75%
dis
75%
douche
75%
essayer
75%
je
75%
oui
75%
pas
75%
toi
75%
aime
67%
arrange
67%
ce
67%
Couplet 1 | Couplets 2 Encore
67%
excite,
67%
mais
67%
parles
67%
quand
67%
tais
67%
touche
67%
bouche
58%
maquillage
58%
sur
58%
une
58%
avais
50%
Dare
50%
des
50%
dit
50%
I'm
50%
take
50%
vraiment
50%
bêtise,
42%
only
42%
ton
42%
tout
42%
sottises,
33%
Intro Yeah
17%
Yeah
17%
Aucun quiz correspondant
Distribution des résultats
% des personnes avec chaque résultat
Percentile par nombre de réponses
Votre historique - résultats
Vous n’avez pas pris ce quiz depuis la dernière actualisation